La prisión de la libertad /

Bewaard in:
Bibliografische gegevens
Hoofdauteur: Ende, Michael (autor)
Andere auteurs: Dieterich Arenas, Genoveva (traducción) (traducción)
Formaat: Boek
Taal:Spaans
Gepubliceerd in: Madrid, España : Alfaguara, 1994, c1993
Tags: Voeg label toe
Geen labels, Wees de eerste die dit record labelt!

MARC

LEADER 00000nam^a2200000^a^4500
001 000443897
005 20250521000000.0
009 20260310123503.428
020 |a 84-204-27-93-4 
037 |a Acervo Xavier Clavigero 
041 |a ESP 
091 |a FCA. 00309 
100 |a Ende, Michael  |e (autor) 
245 1 3 |a La prisión de la libertad / 
264 4 |a Madrid, España :  |b Alfaguara,  |c 1994, c1993 
300 |a 212 p. 
336 |a texto  |b txt  |2 rdacontenido 
337 |a sin mediación  |b n  |2 rdamedio 
338 |a volumen  |b nc  |2 rdasoporte 
649 |a XX 
700 |a Dieterich Arenas, Genoveva  |e (traducción) 
910 |a Fondo Xavier Cacho Vázquez S.J. 
920 |a Impresos - Libros 
930 |a Fondos Especiales 
940 |a Literatura 
905 |a 131 
901 |a 0500331261  |b IT2  |c ESP  |i D6878  |u 20250521 
902 |a https://opac.biblio.iteso.mx/vufind/Record/000443897